Coat of Arms on Flags - Sudden Death - Statistics

General Stats
  • This quiz has been taken 28 times
  • The average score is 5 of 16
Answers on the Grid
Answers color-coded by a green-red scale on the quiz's grid according to % correct below.
Mexico
Spain
Dominican Republic
Guatemala
Portugal
Ecuador
Belize
San Marino
Montenegro
Croatia
Fiji
Haiti
Andorra
Moldova
Slovakia
Serbia
Venezuela
India
Canada
Brazil
Sri Lanka
Kazakhstan
Mozambique
Uganda
Barbados
Kiribati
Cyprus
Saudi Arabia
Kyrgyzstan
Liechtenstein
Solomon Islands
Comoros
 
Answer Stats
Answer % Correct
Mexico
60%
Croatia
53%
Moldova
47%
Guatemala
40%
Spain
40%
Ecuador
33%
Portugal
33%
Slovakia
33%
Andorra
27%
Belize
27%
Haiti
27%
San Marino
27%
Serbia
27%
Dominican Republic
20%
Fiji
20%
Montenegro
7%
No matching quizzes found
Score Distribution
Percent of People with Each Score
Percentile by Number Answered
Your Score History
You have not taken this quiz